00294nam a22000857a 4500008004100000040005500041100000300096245007900099260003000178230228b |||||||| |||| 00| 0 eng d aNational Science LibrarycNational Science Library  aArbeiten aus dem bibliothekar-lehrinstitut des landes nordrhein-westfalen  bGreven verlag koln c1968